Statistics for Top 5 NFL Players ever to play for the Seahawks

Click here to take the quiz!

General Stats

  • This quiz has been taken 40 times
  • The average score is 3 of 5

Answer Stats

CareerPos.Answer% Correct
1976-1989WRSteve Largent
95%
2004WRJerry Rice
84%
2021RBAdrian Peterson
51%
2012WRTerrell Owens
32%
2001-2003DTJohn Randle
14%

Score Distribution

Percentile by Number Answered

Percent of People with Each Score

Your Score History

You have not taken this quiz